• 首页
  • 本馆介绍
  • 公告通知
  • 最新文献
  • 馆藏检索
  • 电子资源
  • 读者导购
  • 参考咨询
  • 我的图书馆
  • 登录
  • 详细信息显示
  • 放入我的书架
  • 预约/预借图书
  • 作者相关作品
  • 分类相关作品
  • 丛书相关作品
  • 出版社相关作品

书目信息

  • 表格格式
  • 工作单格式
  • 卡片格式
题名:
伦理学
    
 
作者: 金刚王莹
分册:  
出版信息: 天津   天津教育出版社  1998
页数: 330
开本: 20cm
丛书名:
单 册:
中图分类: B0
科图分类:
主题词: 哲学理论
电子资源:
ISBN:
000 00485nam0 2200181 450
001 0757995392
005 20071007160635.39
010    @b7-5309-2405-2
100    @a20071007d km y0chiy0120 ea
101 0  @achi
200 1  @a伦理学@Alun li xue@f金刚王莹等@Fjin gang wang ying deng
210    @a天津@c天津教育出版社@d1998
215    @a330@d20cm
606 0  @a哲学理论
690    @aB0@v3
701  0 @a金刚王莹@Ajin gang wang ying
801  0 @aCN@bPFT@c20071007
905    @a213230@dB0@ea166@f1
    
    伦理学/金刚王莹等.-天津:天津教育出版社,1998
    330;20cm
    
    
    ISBN (7-5309-2405-2):
    
●
相关链接 在E读中查询图书 在五车中查询图书 在当当中查询图书 在豆瓣中查询图书


正题名:伦理学     索取号:B0/a166         预约/预借

序号 登录号 条形码 馆藏地/架位号 状态 备注
1 7508457   275084579   史法系资料室/ [索取号:B0/a166] 在馆    
唐山师范学院图书馆 欢迎您!
大连网信软件有限公司© 版权所有